Bibliography of the rhinoceros : an analysis of the literature on the recent rhinoceroses in culture, history, and biology (Record no. 115367)

MARC details
000 -LEADER
fixed length control field 00732nam a2200217Ia 4500
008 - FIXED-LENGTH DATA ELEMENTS--GENERAL INFORMATION
fixed length control field 191130s1983##################000#0#eng##
020 ## - INTERNATIONAL STANDARD BOOK NUMBER
ISBN 9789061912613
082 ## - DEWEY DECIMAL CLASSIFICATION NUMBER
Classification number 016.599728 ROO
100 ## - MAIN ENTRY--AUTHOR NAME
Personal name Rookmaaker, L. C
245 ## - TITLE STATEMENT
Title Bibliography of the rhinoceros : an analysis of the literature on the recent rhinoceroses in culture, history, and biology
Statement of responsibility, etc by L.C. Rookmaaker
250 ## - EDITION STATEMENT
Edition statement 1st ed
260 ## - PUBLICATION, DISTRIBUTION, ETC. (IMPRINT)
Place of publication Rotterdam
Name of publisher A.A. Balkema, Distributed in USA and Canada by MBS
Year of publication 1983
300 ## - PHYSICAL DESCRIPTION
Number of Pages x, 292 p. : ill. ; 24 cm.
500 ## - GENERAL NOTE
General note Includes index
650 ## - SUBJECT ADDED ENTRY--TOPICAL TERM
Topical Term Rhinoceroses - Bibliography
991 ## -
-- 201830
Holdings
Withdrawn status Lost status Damaged status Not for loan Home library Current library Shelving location Date acquired Full call number Accession Number Price effective from Koha item type
        Anna Centenary Library Anna Centenary Library 3RD FLOOR, A WING 12.10.2020 016.599728 ROO 177613 12.10.2020 English Books

Find us on the map